00529nam a2200181 450000500170000001000150001702000270003203500140005903700090007308200140008210000180009624501020011425000090021626000260022527000540025130000200030570000220032520260415122047.0 aENG-148282 a9788197004179c2500.00 aEN-131814 bDBAD 22025a751 aMahammad Isha aAn Illustrated Catalogue Of Oil Paintings In The Collection Of The Asiatic SocietycMahammad Isha a2025 aKolkata bAnant Sinha aThe Asiatic Society 1 Park Street bIndiae700016 a215.pgc7cm(hb) aSomnath Mukherjee